| 000 | 00501nam a2200205Ia 4500 | ||
|---|---|---|---|
| 003 | OSt | ||
| 005 | 20230408091746.0 | ||
| 008 | 210423s2010 xx 000 0 und d | ||
| 020 | _a9788126913053 | ||
| 040 | _cAL | ||
| 041 | _aeng | ||
| 082 | _a809.93592 BATM | ||
| 100 |
_aBATTY (Mark). _984498 |
||
| 245 | _aHarold Pinter. | ||
| 260 |
_aNew Delhi _bAtlantic Publishers and Distributors _c2010 |
||
| 300 |
_ax,134 _bPB |
||
| 365 |
_b225 _cINR |
||
| 906 | _aHarold ; pinter. | ||
| 942 |
_2ddc _cBK |
||
| 999 |
_c158224 _d158224 |
||